¿Cómo repensar el desarrollo productivo? : (Registro nro. 8628)

Detalles MARC
000 -LEADER
fixed length control field 01359nam a2200277Ia 4500
003 - CONTROL NUMBER IDENTIFIER
control field OSt
005 - DATE AND TIME OF LATEST TRANSACTION
control field 20211026143608.0
008 - FIXED-LENGTH DATA ELEMENTS--GENERAL INFORMATION
fixed length control field 210310s2014 eu ad fr 000 0dspa d
020 ## - INTERNATIONAL STANDARD BOOK NUMBER
International Standard Book Number 9781597821858
040 ## - CATALOGING SOURCE
Original cataloging agency CO-JMCR
Transcribing agency CO-JMCR
041 0# - LANGUAGE CODE
Language code of text/sound track or separate title spa
082 04 - DEWEY DECIMAL CLASSIFICATION NUMBER
Classification number 338.98 /
Item number C921c
Edition number 23
100 1# - MAIN ENTRY--PERSONAL NAME
Personal name Crespi, Gustavo,
9 (RLIN) 15885
Relator term editor
245 11 - TITLE STATEMENT
Title ¿Cómo repensar el desarrollo productivo? :
Remainder of title políticas e instituciones sólidas para la transformación económica /
Statement of responsibility, etc. editado por, Gustavo Crespi, Eduardo Fernández-Arias, Ernesto Stein
260 ## - PUBLICATION, DISTRIBUTION, ETC.
Place of publication, distribution, etc. Washington D.C. :
Name of publisher, distributor, etc. Banco Interamericano de Desarrollo,
Date of publication, distribution, etc. ©2014
300 ## - PHYSICAL DESCRIPTION
Extent xxvii, 511 páginas :
Other physical details ilustraciones y gráficas a blanco y negro ;
Dimensions 24 cm.
500 ## - GENERAL NOTE
General note Incluye datos biográficos de los autores.
504 ## - BIBLIOGRAPHY, ETC. NOTE
Bibliography, etc. note Bibliografía: páginas [549]-497
505 0# - FORMATTED CONTENTS NOTE
Formatted contents note El rol de las políticas de desarrollo productivo -- Políticas sólidas en áreas clave -- Instituciones para políticas exitosas
650 14 - SUBJECT ADDED ENTRY--TOPICAL TERM
Topical term or geographic name entry element Productividad industrial
9 (RLIN) 17826
General subdivision Aspectos económicos
Geographic subdivision América Latina
650 24 - SUBJECT ADDED ENTRY--TOPICAL TERM
Topical term or geographic name entry element Productividad industrial
General subdivision Política de gobierno
Geographic subdivision América Latina
9 (RLIN) 41299
650 24 - SUBJECT ADDED ENTRY--TOPICAL TERM
Topical term or geographic name entry element Productividad industrial
General subdivision Innovaciones tecnológicas
Geographic subdivision América Latina
9 (RLIN) 41300
700 1# - ADDED ENTRY--PERSONAL NAME
Personal name Fernández-Arias, Eduardo,
Relator term editor
9 (RLIN) 41301
700 1# - ADDED ENTRY--PERSONAL NAME
Personal name Stein, Ernesto,
Relator term editor
9 (RLIN) 41302
942 ## - ADDED ENTRY ELEMENTS (KOHA)
Source of classification or shelving scheme Dewey Decimal Classification
Koha item type Books
Existencias
Withdrawn status Lost status Source of classification or shelving scheme Damaged status Not for loan Collection code Home library Current library Date acquired Source of acquisition Full call number Barcode Date last seen Copy number Koha item type Total Checkouts Price effective from
    Dewey Decimal Classification     Non-fiction Biblioteca Pública José María del Castillo y Rada Biblioteca Pública José María del Castillo y Rada 04/15/2018 Donación 338.98 / C921c 430000451 05/16/2024 Ej.1 Books    
    Dewey Decimal Classification     Non-fiction Biblioteca Pública José María del Castillo y Rada Biblioteca Pública José María del Castillo y Rada 04/15/2018 Donación 338.98 / C921c 430000452 05/16/2024 Ej.2 Books   10/26/2021